ბათუმის შოთა რუსთაველის სახელმწიფო უნივერსიტეტის ბიბლიოთეკა

საქართველოს ტყეები : (ბიბ.ჩანაწერი № 49164)

000 -ლიდერი
ფიქსირებული სიგრძის საკონტროლო ველი 01155nam a2200241Ia 4500
001 - საკონტროლო ნომერი
საკონტროლო ველი 16075
003 - საკონტროლო ნომრის იდენტიფიკატორი
საკონტროლო ველი GE_BSU
005 - ბოლო ოპერაციის თარიღი და დრო
საკონტროლო ველი 20241205172546.0
008 - ფიქსირებული სიგრძის მონაცემთა ელემენტები - ზოგადი ინფორმაცია
ფიქსირებული სიგრძის საკონტროლო ველი 181216s2001||||ge |||||||||||||| ||geo||
020 ## - წიგნის საერთაშორისო სტანდარტული ნომერი
International Standard Book Number ISBN 99928-0-134-4 ქ-45
040 ## - კატალოგიზაციის წყარო
Transcribing agency GE_BSU
041 ## - ენის კოდი
Language code of text/sound track or separate title geo
080 ## - უნივერსალური ათობითი კლასიფიკაციის ინდექსი
Universal Decimal Classification number 630(479.22)+ 581.526.42(479.22) ქ-45
100 ## - მთავარი ჩანაწერი - პიროვნების სახელი
Personal name ქვაჩაკიძე, რევაზ
9 (RLIN) 23865
245 ## - ცნობა სათაურის შესახებ
Title საქართველოს ტყეები :
Remainder of title ძირითადი ასოციაციები (ტყის ტიპები) /
Statement of responsibility, etc რევაზ ქვაჩაკიძე ; [რედ. : მერაბ სვანიძე].
264 ## - წარმოების, გამოცემის, დისტრიბუციის და სხვა ცნობები
გამოცემის, წარმოების, დისტრიბუციის... ადგილი თბილისი :
გამოცემის, წარმოების, დისტრიბუციის... სახელწოდება მეცნიერება,
გამოცემის, წარმოების, დისტრიბუციის... თარიღი 2001.
300 ## - ფიზიკური აღწერა
Extent 168 გვ. ;
Dimensions 20 სმ.
500 ## - ზოგადი შენიშვნა
General note პარალელური თავფურცელი და რეზ ინგლისურ ენაზე
504 ## - BIBLIOGRAPHY, ETC. NOTE
Bibliography, etc ბიბლიოგრ. : გვ. 163
653 ## - INDEX TERM--UNCONTROLLED
Uncontrolled term ტყეები საქართველოში
700 ## - ADDED ENTRY--PERSONAL NAME
Personal name სვანიძე, მერაბ
Relator term რედაქტორი
9 (RLIN) 23871
942 ## - ADDED ENTRY ELEMENTS (KOHA)
Koha item type წიგნი
Source of classification or shelving scheme
ეგზემპლარები
ჩამოწერის სტატუსი დაკარგული ეგზემპლარის სტატუსი კლასიფიკაციის წყარო ან თაროზე გაწყობის სქემა დაზიანების სტატუსი არ გაიცემა მუდმივი მდებარეობა (დაცვის ადგილი) ამჟამინდელი ადგილსამყოფელი თაროზე განთავსების ადგილი შეძენის თარიღი სრული შენახვის შიფრი შტრიხკოდი ბოლო ოპერაციის თარიღი ეგზემპლარის მიმდევრობითი ნომერი (კეტერი?) ფასის ძალაში შესვლის თარიღი ეგზემპლარის სახეობა
          ბათუმის შოთა რუსთაველის სახელმწიფო უნივერსიტეტის მთავარი ბიბლიოთეკა ბათუმის შოთა რუსთაველის სახელმწიფო უნივერსიტეტის მთავარი ბიბლიოთეკა წიგნსაცავი 2018-12-17 630(479.22)+ 581.526.42(479.22) ქ-45 27504 2018-12-17 27504 2018-12-17 წიგნი